| 000 | 01142nam a22002897a 4500 | ||
|---|---|---|---|
| 999 |
_c114980 _d114980 |
||
| 003 | dpl | ||
| 005 | 20181116152218.0 | ||
| 008 | 181116b ||||| |||| 00| 0 eng d | ||
| 010 | _aB-067467 | ||
| 020 | _c90.00 | ||
| 035 | _aB-067467, B-067471 | ||
| 037 | _bCen Lib/Ret | ||
| 040 |
_aDPL _bHN _c0 |
||
| 082 |
_aउ _bटिवाणा |
||
| 100 |
_aटिवाणा , दिलीप कौर _959309 |
||
| 245 |
_aहस्ताक्षर / _c दिलीप कौर टिवाणा |
||
| 246 |
_aHastakshar _b by Dilip Kour Tivana |
||
| 260 |
_a दिल्ली _bश्री प्रकाशन _c2001 |
||
| 270 |
_a4/32,सुभाष गली विश्वास नगर शाहदरा _b दिल्ली _e110032 |
||
| 300 |
_a96पृष्ठ. _c21सेमी(सजिल्द) |
||
| 650 |
_aहिंदी साहित्य _959310 |
||
| 650 |
_aहिंदी उपन्यास _959311 |
||
| 650 |
_ahindi literature _959312 |
||
| 650 |
_ahindi novel _959313 |
||
| 700 |
_aनागपाल ,रमण _959314 |
||
| 942 |
_2ddc _cHN _hउ _mटिवाणा |
||